Nomme les différents primates - Statistiques

Statistiques générales
  • Ce quiz a été pris 15 fois
    2 depuis la dernière actualisation
  • Le résultat moyen est 112 sur 270
Statistiques - réponses
Par images Réponse % Correct
Nasique
100%
Aye-aye
50%
Babouin chacma
50%
Babouin de Guinée
50%
Babouin hamadryas
50%
Babouin jaune
50%
Babouin olive
50%
Bonobo
50%
Capucin à front blanc
50%
Capucin Ka'apor
50%
Capucin olive
50%
Cercopithèque à queue de soleil
50%
Cercopithèque à queue rouge / Ascagne
50%
Cercopithèque à tête de hibou / de Hamlyn
50%
Cercopithèque de Brazza
50%
Cercopithèque de Campbell
50%
Cercopithèque de l'Hœst
50%
Cercopithèque de Lowe
50%
Cercopithèque de Preuss
50%
Cercopithèque de Roloway / Palatine
50%
Cercopithèque de Sclater
50%
Cercopithèque de Wolf
50%
Cercopithèque diane
50%
Cercopithèque dryade
50%
Cercopithèque mona
50%
Cercopithèque noir et vert
50%
Chimpanzée
50%
Colobe à longs poils / à camail
50%
Colobe à mains noires
50%
Colobe bai de Foa
50%
Colobe bai de Kirk / Colobe roux de Zanzibar
50%
Colobe bai de Pennant
50%
Colobe bai / roux
50%
Colobe de Bouvier
50%
Colobe de Geoffroy
50%
Colobe noir
50%
Colobe vert
50%
Douc à pattes grises
50%
Douc à pattes noires
50%
Douc à pattes rousses
50%
Douroucouli / Singe-hibou
50%
Drill
50%
Galago
50%
Gélada
50%
Gibbon à barbe blanche / de Bornéo
50%
Gibbon à bonnet
50%
Gibbon agile / Ungko
50%
Gibbon à joues blanches du Nord
50%
Gibbon à joues blanches du Sud
50%
Gibbon à joues jaunes
50%
Gibbon cendré
50%
Gibbon d'Abbott
50%
Gibbon de Cao-Vit
50%
Gibbon de Kloss
50%
Gibbon de Müller
50%
Gibbon gris
50%
Gibbon Hoolock
50%
Gibbon lar
50%
Gibbon noir
50%
Gorille de la rivière Cross
50%
Gorille des montagnes
50%
Gorille des plaines de l'Est / de Grauer
50%
Gorille des plaines de l'Ouest
50%
Grand Hapalémur
50%
Grivet
50%
Grivet des Balé
50%
Guéréza du Kilimandjaro / Colobe guéréza
50%
Hapalémur / Lémur bambou
50%
Hocheur
50%
Hocheur à ventre roux
50%
Humain
50%
Hurleur à manteau
50%
Hurleur aux mains rousses de Spix
50%
Hurleur aux mains rousses / Ouarabi
50%
Hurleur brun
50%
Hurleur du Guatemala
50%
Hurleur noir
50%
Hurleur roux
50%
Hurleur roux de Bolivie
50%
Hurleur roux de Guyane / Baboune
50%
Indri / Babakoto
50%
Kipunji
50%
Langur à bonnet
50%
Langur à coiffe / Budeng
50%
Langur à front blanc
50%
Langur à queue de cochon
50%
Langur à tête blanche
50%
Langur bicolore
50%
Langur Croo
50%
Langur de Java noir
50%
Langur de Java roux
50%
Langur Delacour
50%
Langur de Natuna
50%
Langur de Thomas
50%
Langur doré / Semnopithèque de Gee
50%
Langur du Laos
50%
Langur du Siam
50%
Langur malais
50%
Langur obscur
50%
Langur roux
50%
Lémur à collier blanc / Maki à fraise
50%
Lémur aux yeux turquoise / de Sclater
50%
Lémur catta
50%
Lémur couronné
50%
Lémur fauve
50%
Lémur noir / macaco
50%
Lesula
50%
Lophocèbe à joues grises
50%
Lophocèbe noir
50%
Loris
50%
Macaque à bonnet
50%
Macaque à queue de cochon du Nord
50%
Macaque à queue de cochon du Sud
50%
Macaque à queue de lion / Ouandérou
50%
Macaque couronné / à toque
50%
Macaque crabier
50%
Macaque d'Assam
50%
Macaque de Barbarie / Magot
50%
Macaque de Taïwan
50%
Macaque de Tonkean
50%
Macaque du Tibet
50%
Macaque japonais
50%
Macaque maure
50%
Macaque noir
50%
Macaque ours / à face rouge
50%
Macaque rhésus
50%
Mandrill
50%
Mangabey à col blanc
50%
Mangabey agile
50%
Mangabey à ventre doré
50%
Mangabey couronné
50%
Mangabey de la Tana / à crête
50%
Mangabey enfumé
50%
Mangabey sanje
50%
Microcèbe
50%
Moustac
50%
Moustac à oreilles rousses
50%
Muriqui du Nord
50%
Muriqui du Sud / Atèle arachnoïde
50%
Orang-outan de Bornéo
50%
Orang-outan de Sumatra
50%
Orang-outan de Tapanuli
50%
Ouakari à dos doré
50%
Ouakari à tête noire / de Neblina
50%
Ouakari chauve
50%
Ouakari chauve blanc
50%
Ouakari chauve de Novae
50%
Ouistiti à camail
50%
Ouistiti à pieds jaunes
50%
Ouistiti argenté
50%
Ouistiti à tête jaune
50%
Ouistiti blanc-doré
50%
Ouistiti de Geoffroy
50%
Ouistiti de Kuhl
50%
Ouistiti du Rio Acarí
50%
Ouistiti du Rio Maués
50%
Ouistiti du Rondônia
50%
Ouistiti mélanure
50%
Ouistiti oreillard
50%
Ouistiti pénicillé
50%
Ouistiti pygmée
50%
Ouistiti sagouin
50%
Patas / Singe rouge / Singe pleureur
50%
Rhinopithèque de Myanmar
50%
Rhinopithèque doré / de Roxellane
50%
Rhinopithèque noir et blanc
50%
Saki à face blanche
50%
Saki à face doré
50%
Saki barbu à gilet
50%
Saki barbu à nez blanc
50%
Saki barbu / Satan
50%
Saki blanc
50%
Saki chauve gris
50%
Saki de Miller
50%
Saki équatorial
50%
Saki hirsute
50%
Saki moine
50%
Sapajou à grosse tête
50%
Sapajou à poitrine jaune
50%
Sapajou brun
50%
Sapajou capucin
50%
Sapajou du Paraguay
50%
Sapajou fauve
50%
Sapajou noir
50%
Semnopithèque à face pourpre
50%
Semnopithèque ajax
50%
Semnopithèque du Nilgiri
50%
Semnopithèque gris
50%
Siamang
50%
Sifaka de Perrier
50%
Singe-araignée à joues blanches
50%
Singe-araignée à tête brune
50%
Singe-araignée aux mains noires / Atèle de Geoffroy
50%
Singe-araignée à ventre blanc
50%
Singe-araignée noir
50%
Singe-araignée péruvien
50%
Singe-araignée varié
50%
Singe bleu
50%
Singe-écureuil / Saïmiri
50%
Singe laineux à queue jaune
50%
Singe laineux / Lagotriche
50%
Singe-lion à croupe dorée
50%
Singe-lion à face dorée
50%
Singe-lion à face noire
50%
Singe-lion doré
50%
Singe vert / Callitriche
50%
Talapoin / Miopithèque
50%
Tamarin à moustache
50%
Tamarin bicolore
50%
Tamarin de Goeldi / Callimico
50%
Tamarin empereur
50%
Tarsier de Bornéo
50%
Tarsier des Philippines
50%
Titi à collier
50%
Titi à ventre roux
50%
Titi blanc
50%
Titi brun
50%
Titi cendré
50%
Vari noir et blanc
50%
Vari roux
50%
Vervet bleu
50%
Vervet malbrouck
50%
Vervet tantale
50%
Avahi laineux
0%
Cercopithèque blanc-nez / Pétauriste
0%
Cercopithèque pogonias
0%
Colobe bai de la Tana
0%
Colobe bai de Semiliki
0%
Colobe bai d'Iringa
0%
Colobe d'Oustalet
0%
Guéréza d'Angola
0%
Langur à crête noire
0%
Langur de Cat Ba
0%
Langur de Germain
0%
Langur de Hatinh
0%
Langur de Mentawai
0%
Lémur à collier roux
0%
Lémur à front blanc
0%
Lémur à ventre roux
0%
Lémur de Sanford
0%
Lémur mongos
0%
Lémur rufus
0%
Ouakari chauve d'Ukayali
0%
Rhinopithèque de Tonkin
0%
Rhinopithèque du Guizhou
0%
Saki barbu à dos roux
0%
Semnopithèque aux pieds noirs
0%
Sifaka à diadème
0%
Sifaka couronné
0%
Sifaka de Coquerel
0%
Sifaka de Milne-Edwards
0%
Sifaka de Tattersall / à couronne dorée
0%
Sifaka de Verreaux
0%
Sifaka de von der Decken
0%
Sifaka soyeux
0%
Tamarin à crête blanche
0%
Tamarin à face marbré
0%
Tamarin à face nue / de Martins
0%
Tamarin à manteau doré
0%
Tamarin à manteau noir
0%
Tamarin aux mains rousses
0%
Tamarin aux pieds gris
0%
Tamarin labié
0%
Titi à front noir
0%
Titi à oreilles blanches / d'Orbigny
0%
Titi couronné
0%
Titi de Vieira
0%
Titi d'Hoffmann
0%
Titi masqué
0%
Titi roux
0%
Aucun quiz correspondant
Distribution des résultats
% des personnes avec chaque résultat
Percentile par nombre de réponses
Votre historique - résultats
Vous n’avez pas pris ce quiz depuis la dernière actualisation